| 000 | 005230000a22001810004500 | ||
|---|---|---|---|
| 003 | MACL | ||
| 005 | 20160305160709.0 | ||
| 008 | 160305b xxu||||| |||| 00| 0 eng d | ||
| 040 |
_aMACL _cMACL |
||
| 041 | _aHindi | ||
| 082 | _a891.432 | ||
| 100 |
_aसत्यप्रकाश संगर _940528 |
||
| 245 | _aलहरों का निमंत्रश | ||
| 260 |
_bराजकमल प्रकाशन _c1970 _aपटना |
||
| 350 | _a7 | ||
| 650 |
_aDrama _943219 |
||
| 942 |
_cHIN _k891.432 _2ddc |
||
| 999 |
_c26074 _d26074 |
||